[Event "2. Bundesliga Ost 2018/2019"]
[Site "alle Wien"]
[Date "2019.01.13"]
[Round "7"]
[Board "3"]
[White "Beck, Hartmuth"]
[Black "Sadilek, Peter"]
[Result "1/2-1/2"]
[WhiteElo "2313"]
[BlackElo "2291"]
[PlyCount "79"]
[EventDate "2018.10.06"]
[EventType "team"]
[EventRounds "11"]
[EventCountry "AUT"]
[WhiteTeam "mpimmo Wien - SK Ottakring"]
[BlackTeam "tschaturanga"]

1. d4 Nf6 2. c4 e6 3. Nc3 Bb4 4. Qc2 b6 5. e4 c5 6. e5 cxd4 7. a3 Bxc3+ 8. bxc3
Ng8 9. cxd4 Bb7 10. Nf3 Bxf3 11. gxf3 Nc6 12. Be3 Nge7 13. Rd1 Nf5 14. Qe4 Rc8
15. Rg1 Qe7 16. Rd3 Na5 17. Rc3 d5 18. exd6 Qxd6 19. Rg5 Nxe3 20. fxe3 O-O 21.
Qe5 Qxe5 22. Rxe5 Rc7 23. Rb5 Rfc8 24. Rb4 g5 25. Kd2 Kg7 26. Bd3 Kf6 27. Rc2
h5 28. Ke2 Nc6 29. Rb5 e5 30. Rd5 exd4 31. exd4 Ne7 32. Rd6+ Kg7 33. d5 b5 34.
Ra6 bxc4 35. Be4 f5 36. d6 Rd7 37. dxe7 Rxe7 38. Ra5 fxe4 39. Rxg5+ Kh6 40. f4
 1/2-1/2

[Event "2. Bundesliga Ost 2018/2019"]
[Site "alle Wien"]
[Date "2019.01.13"]
[Round "7"]
[Board "4"]
[White "Sadilek, Maximilian"]
[Black "Gstach, Jakob"]
[Result "0-1"]
[WhiteElo "2245"]
[BlackElo "2276"]
[PlyCount "48"]
[EventDate "2018.10.06"]
[EventType "team"]
[EventRounds "11"]
[EventCountry "AUT"]
[WhiteTeam "tschaturanga"]
[BlackTeam "mpimmo Wien - SK Ottakring"]

1. e4 c5 2. Nc3 d6 3. f4 g6 4. Nf3 Bg7 5. Bb5+ Bd7 6. Bc4 Nc6 7. O-O Nf6 8. e5
Ng4 9. Ng5 Nh6 10. e6 fxe6 11. Nxe6 Bxe6 12. Bxe6 Nd4 13. Bc4 e6 14. Re1 O-O
15. g3 g5 16. Rxe6 Kh8 17. d3 gxf4 18. Bxf4 Rxf4 19. gxf4 Qh4 20. Qf1 Ng4 21.
Qg2 Nxe6 22. Bxe6 Bd4+ 23. Kh1 Nf2+ 24. Kg1 Nd1+  0-1

[Event "2. Bundesliga Ost 2018/2019"]
[Site "alle Wien"]
[Date "2019.01.13"]
[Round "7"]
[Board "5"]
[White "Bauer, Thomas"]
[Black "Leitner, Gerald"]
[Result "1-0"]
[WhiteElo "2244"]
[BlackElo "2103"]
[PlyCount "95"]
[EventDate "2018.10.06"]
[EventType "team"]
[EventRounds "11"]
[EventCountry "AUT"]
[WhiteTeam "mpimmo Wien - SK Ottakring"]
[BlackTeam "tschaturanga"]

1. e4 c6 2. Nc3 d5 3. Qe2 d4 4. Nd1 e5 5. g3 Nf6 6. f4 exf4 7. gxf4 Na6 8. Nf3
Bc5 9. d3 Bb6 10. Nf2 Qe7 11. Rg1 g6 12. e5 Nd5 13. Ne4 Be6 14. Nd6+ Kd8 15. f5
gxf5 16. Rg7 f4 17. Ng5 Rf8 18. Qh5 Nc5 19. Bd2 Bc7 20. Rxf7 Rxf7 21. Ndxf7+
Bxf7 22. Nxf7+ Kc8 23. Bh3+ Kb8 24. Qf5 a5 25. Bxf4 Nxf4 26. Qxf4 Ka7 27. O-O-O
Rf8 28. Rf1 Bb6 29. Qf6 Rxf7 30. Qxf7 Qxe5 31. Qf4 Qd5 32. Kb1 Na4 33. Qf7 Qd6
34. Bc8 Bc7 35. Qb3 Nb6 36. Bf5 Qxh2 37. Be4 h5 38. Qa3 a4 39. Qc5 Qe2 40. Rh1
h4 41. Qxd4 h3 42. Qg7 Na8 43. b3 axb3 44. axb3 h2 45. Kb2 Qd2 46. Ra1+ Ba5 47.
Qd4+ Kb8 48. Qe5+  1-0

[Event "2. Bundesliga Ost 2018/2019"]
[Site "alle Wien"]
[Date "2019.01.13"]
[Round "7"]
[Board "6"]
[White "Devine, Christopher"]
[Black "Peyrer, Konstantin"]
[Result "1/2-1/2"]
[WhiteElo "2088"]
[BlackElo "2149"]
[PlyCount "85"]
[EventDate "2018.10.06"]
[EventType "team"]
[EventRounds "11"]
[EventCountry "AUT"]
[WhiteTeam "tschaturanga"]
[BlackTeam "mpimmo Wien - SK Ottakring"]

1. d4 Nf6 2. Nf3 g6 3. g3 Bg7 4. Bg2 O-O 5. O-O d5 6. c4 dxc4 7. Na3 c3 8. bxc3
c5 9. Nc4 Nc6 10. Nfe5 cxd4 11. Nxc6 bxc6 12. cxd4 Nd5 13. Bb2 Rb8 14. Rc1 Be6
15. Ba1 Bh6 16. e3 f6 17. Qa4 Rb5 18. Rb1 Qb8 19. Na3 Nb6 20. Rxb5 Nxa4 21.
Rxb8 Rxb8 22. Bxc6 Nb6 23. Nb5 Rc8 24. Nxa7 Rc7 25. Rb1 Rxa7 26. Rxb6 Rxa2 27.
Bb2 Bf8 28. Kg2 Ra5 29. e4 f5 30. d5 Bf7 31. Bc3 Ra3 32. Bb4 Rd3 33. exf5 gxf5
34. Rb8 Kg7 35. Rd8 Bh5 36. Bc5 Bf3+ 37. Kh3 Kf7 38. Be3 Bg7 39. Bg5 Bf6 40.
Bxf6 Kxf6 41. Rf8+ Kg5 42. Rg8+ Kh5 43. Rg7  1/2-1/2

[Event "2. Bundesliga Ost 2018/2019"]
[Site "alle Wien"]
[Date "2019.03.09"]
[Round "8"]
[Board "1"]
[White "Horvath, Dominik"]
[Black "Baumegger, Siegfried"]
[Result "1-0"]
[WhiteElo "2447"]
[BlackElo "2446"]
[PlyCount "103"]
[EventDate "2018.10.06"]
[EventType "team"]
[EventRounds "11"]
[EventCountry "AUT"]
[WhiteTeam "ASVOE Pamhagen"]
[BlackTeam "tschaturanga"]

1. c4 e6 2. g3 d5 3. Bg2 dxc4 4. Qa4+ c6 5. Qxc4 b5 6. Qb3 Bb7 7. a4 a6 8. Nc3
Nd7 9. Nh3 Ngf6 10. O-O Bd6 11. d4 O-O 12. Bf4 Bxf4 13. Nxf4 Qb6 14. Nd3 Rab8
15. e3 c5 16. Nxc5 Nxc5 17. dxc5 Qxc5 18. Bxb7 Rxb7 19. axb5 axb5 20. Ra5 Rfb8
21. Rd1 Qc4 22. Qa2 h5 23. Rd4 Qxa2 24. Nxa2 Rc8 25. Nb4 e5 26. Rd6 Rc4 27. Nd3
e4 28. Ne5 Rc5 29. Nc6 Rc2 30. Nd8 Rbc7 31. Rxb5 Re2 32. Nc6 Ng4 33. Rd8+ Kh7
34. Rxh5+ Kg6 35. Rc5 Kh7 36. Rh5+ Kg6 37. Rc5 Kh7 38. b4 Nxf2 39. Nd4 Nh3+ 40.
Kf1 Rf2+ 41. Ke1 Ra7 42. Rh5+ Kg6 43. Rxh3 Rb2 44. Ne2 f5 45. g4 fxg4 46. Rg3
Kh5 47. Rg2 Rb3 48. Nf4+ Kh4 49. Rh8+ Kg5 50. Rh5+ Kf6 51. Nd5+ Kf7 52. Rf2+
 1-0

[Event "2. Bundesliga Ost 2018/2019"]
[Site "alle Wien"]
[Date "2019.03.09"]
[Round "8"]
[Board "2"]
[White "Sadilek, Peter"]
[Black "Lipka, Juraj"]
[Result "1-0"]
[WhiteElo "2291"]
[BlackElo "2426"]
[PlyCount "49"]
[EventDate "2018.10.06"]
[EventType "team"]
[EventRounds "11"]
[EventCountry "AUT"]
[WhiteTeam "tschaturanga"]
[BlackTeam "ASVOE Pamhagen"]

1. d4 d5 2. c4 e6 3. Nf3 c6 4. Nc3 dxc4 5. g3 b5 6. Bg2 Bb7 7. O-O Nf6 8. Ne5
Nd5 9. e4 Nxc3 10. bxc3 Nd7 11. f4 Be7 12. Ng4 O-O 13. e5 Nb6 14. f5 exf5 15.
Ne3 g6 16. Nxf5 gxf5 17. Rxf5 Bc8 18. Be4 f6 19. Qh5 Rf7 20. Bh6 Nd5 21. Raf1
Bxf5 22. Bxf5 Nxc3 23. e6 Qxd4+ 24. Kg2 Qd5+ 25. Rf3  1-0

[Event "2. Bundesliga Ost 2018/2019"]
[Site "alle Wien"]
[Date "2019.03.09"]
[Round "8"]
[Board "3"]
[White "Maslik, Miroslav"]
[Black "Sadilek, Maximilian"]
[Result "1-0"]
[WhiteElo "2351"]
[BlackElo "2245"]
[PlyCount "87"]
[EventDate "2018.10.06"]
[EventType "team"]
[EventRounds "11"]
[EventCountry "AUT"]
[WhiteTeam "ASVOE Pamhagen"]
[BlackTeam "tschaturanga"]

1. d4 c5 2. d5 d6 3. e4 g6 4. f4 Bg7 5. Nf3 Bg4 6. h3 Bxf3 7. Qxf3 Nd7 8. Bc4
Ngf6 9. O-O O-O 10. a4 Nb6 11. Be2 e6 12. a5 Nbd7 13. dxe6 fxe6 14. Bc4 Qe7 15.
Nc3 Kh8 16. Be3 Rae8 17. Rae1 Nh5 18. Qg4 a6 19. Bb3 Nb8 20. f5 Nf6 21. Qh4
gxf5 22. exf5 exf5 23. Bg5 Qd7 24. Rxe8 Qxe8 25. Rxf5 Nbd7 26. Bh6 Ne5 27.
Bxg7+ Kxg7 28. Qg3+ Kh8 29. Qf4 Kg7 30. Nd5 Nxd5 31. Rxf8 Qxf8 32. Qxf8+ Kxf8
33. Bxd5 Nc6 34. Bxc6 bxc6 35. Kf2 Kf7 36. Ke3 Kf6 37. Kf4 h5 38. b3 Kg6 39. g4
hxg4 40. hxg4 Kf6 41. g5+ Kg6 42. Kg4 d5 43. Kf4 c4 44. bxc4  1-0

[Event "2. Bundesliga Ost 2018/2019"]
[Site "alle Wien"]
[Date "2019.03.09"]
[Round "8"]
[Board "4"]
[White "Lenz, Alarich"]
[Black "Vitouch, Anatol"]
[Result "0-1"]
[WhiteElo "2126"]
[BlackElo "2319"]
[PlyCount "78"]
[EventDate "2018.10.06"]
[EventType "team"]
[EventRounds "11"]
[EventCountry "AUT"]
[WhiteTeam "tschaturanga"]
[BlackTeam "ASVOE Pamhagen"]

1. c4 e6 2. Nf3 d5 3. d4 Nf6 4. g3 dxc4 5. Bg2 a6 6. O-O Nc6 7. Nc3 Rb8 8. e4
Be7 9. e5 Nd5 10. Qe2 b5 11. Rd1 Ncb4 12. Ne4 h6 13. Ne1 Bb7 14. Qg4 g6 15. h4
h5 16. Qe2 Nb6 17. Bg5 Bxg5 18. Nxg5 Bxg2 19. Nxg2 N4d5 20. Qe4 Qe7 21. Nf4
Nxf4 22. Qxf4 Nd5 23. Qe4 Kf8 24. Rac1 Kg7 25. Qf3 Nb4 26. a3 Nd3 27. Rc2 Rhd8
28. Qe4 Nc5 29. Qe3 Nb3 30. Ne4 c5 31. Nf6 Nxd4 32. Rxd4 Rxd4 33. Qg5 Qb7 34.
Nxh5+ Kf8 35. Qh6+ Ke7 36. Qg5+ Kd7 37. Nf6+ Kc7 38. Rc1 Rbd8 39. Kf1 Qf3  0-1

[Event "2. Bundesliga Ost 2018/2019"]
[Site "alle Wien"]
[Date "2019.03.09"]
[Round "8"]
[Board "5"]
[White "Alvir, Aco"]
[Black "Rother, Moritz"]
[Result "1-0"]
[WhiteElo "2303"]
[BlackElo "2108"]
[PlyCount "35"]
[EventDate "2018.10.06"]
[EventType "team"]
[EventRounds "11"]
[EventCountry "AUT"]
[WhiteTeam "ASVOE Pamhagen"]
[BlackTeam "tschaturanga"]

1. e4 c5 2. Nf3 d6 3. d4 cxd4 4. Nxd4 Nf6 5. Nc3 a6 6. Bg5 e6 7. f4 Qb6 8. Qd3
Nc6 9. O-O-O Qxd4 10. Qxd4 Nxd4 11. Rxd4 Nd7 12. Be2 b6 13. f5 Ne5 14. Rhd1 Bb7
15. g4 f6 16. Be3 d5 17. fxe6 Bc5 18. exd5  1-0

[Event "2. Bundesliga Ost 2018/2019"]
[Site "alle Wien"]
[Date "2019.03.09"]
[Round "8"]
[Board "6"]
[White "Leitner, Gerald"]
[Black "Kuthan, Andreas"]
[Result "1/2-1/2"]
[WhiteElo "2103"]
[BlackElo "2186"]
[PlyCount "66"]
[EventDate "2018.10.06"]
[EventType "team"]
[EventRounds "11"]
[EventCountry "AUT"]
[WhiteTeam "tschaturanga"]
[BlackTeam "ASVOE Pamhagen"]

1. d4 d5 2. c4 e6 3. Nc3 Nf6 4. Nf3 Be7 5. Bf4 O-O 6. e3 b6 7. cxd5 Nxd5 8.
Nxd5 Qxd5 9. Bd3 Qa5+ 10. Nd2 Ba6 11. Bxa6 Qxa6 12. Qe2 c5 13. Bxb8 Qxe2+ 14.
Kxe2 Raxb8 15. dxc5 Bxc5 16. Rac1 Rbc8 17. Nb3 Bd6 18. Rxc8 Rxc8 19. Rc1 Rxc1
20. Nxc1 Kf8 21. h3 Ke7 22. Kd3 Kd7 23. Kc4 Kc6 24. a4 a6 25. Nd3 f6 26. e4 b5+
27. axb5+ axb5+ 28. Kd4 Bc7 29. g4 g6 30. f3 Bb6+ 31. Kc3 Ba5+ 32. Kd4 Bb6+ 33.
Kc3 Ba5+  1/2-1/2

[Event "2. Bundesliga Ost 2018/2019"]
[Site "alle Wien"]
[Date "2019.03.09"]
[Round "8"]
[Board "1"]
[White "Zilka, Stepan"]
[Black "Neubauer, Martin"]
[Result "1-0"]
[WhiteElo "2533"]
[BlackElo "2428"]
[PlyCount "73"]
[EventDate "2018.10.06"]
[EventType "team"]
[EventRounds "11"]
[EventCountry "AUT"]
[WhiteTeam "Blackburne Nickelsdorf"]
[BlackTeam "mpimmo Wien - SK Ottakring"]

1. d4 Nf6 2. c4 e6 3. g3 d5 4. Bg2 Be7 5. Nf3 O-O 6. O-O dxc4 7. Qc2 a6 8. a4
Bd7 9. Qxc4 Bc6 10. Nc3 b5 11. Qd3 b4 12. Nb1 Be4 13. Qd1 c5 14. Nbd2 Bd5 15.
dxc5 Nbd7 16. c6 Bxc6 17. Nb3 Rc8 18. Bf4 Be4 19. Ne1 Bxg2 20. Nxg2 Nb6 21. Ne3
Nfd5 22. Nxd5 Qxd5 23. Qxd5 Nxd5 24. Bc1 Bf6 25. Rd1 Rc2 26. e4 Nb6 27. Nd4 Rd8
28. Be3 Bxd4 29. Bxd4 Nc4 30. Bc5 Rxd1+ 31. Rxd1 h5 32. b3 Nd2 33. Bxb4 Nxe4
34. Be1 Rb2 35. b4 g5 36. f3 Nf6 37. Bc3  1-0

[Event "2. Bundesliga Ost 2018/2019"]
[Site "alle Wien"]
[Date "2019.03.09"]
[Round "8"]
[Board "2"]
[White "Steiner, Adam"]
[Black "Schwarhofer, Christopher"]
[Result "1/2-1/2"]
[WhiteElo "2219"]
[BlackElo "2379"]
[PlyCount "90"]
[EventDate "2018.10.06"]
[EventType "team"]
[EventRounds "11"]
[EventCountry "AUT"]
[WhiteTeam "mpimmo Wien - SK Ottakring"]
[BlackTeam "Blackburne Nickelsdorf"]

1. d4 Nf6 2. Nc3 d5 3. Bf4 c6 4. e3 Bf5 5. f3 e6 6. g4 Bg6 7. h4 h5 8. g5 Nfd7
9. Bd3 Bxd3 10. Qxd3 Qa5 11. e4 Na6 12. g6 f6 13. exd5 cxd5 14. Nge2 Nb4 15.
Qb5 Qb6 16. O-O a6 17. Qa4 e5 18. Be3 Qc6 19. Qb3 Qc4 20. Qxc4 dxc4 21. Rac1
O-O-O 22. a3 Nc6 23. Ne4 exd4 24. Nxd4 Nxd4 25. Bxd4 Rh6 26. Kf2 Rxg6 27. Rg1
Rxg1 28. Rxg1 Nb8 29. Ke3 Nc6 30. Bb6 Rd5 31. a4 Kd7 32. Rg2 Ke6 33. Nc3 Re5+
34. Kf2 Rf5 35. Ke3 g5 36. hxg5 fxg5 37. Ne4 Bh6 38. Ke2 Re5 39. Rh2 g4 40. Be3
g3 41. Rh3 Bxe3 42. Kxe3 Ne7 43. Kd2 Nf5 44. Nxg3 Nxg3 45. Rxg3 Kf5  1/2-1/2

[Event "2. Bundesliga Ost 2018/2019"]
[Site "alle Wien"]
[Date "2019.03.09"]
[Round "8"]
[Board "3"]
[White "Pinter, Erik"]
[Black "Steindl, Johannes"]
[Result "0-1"]
[WhiteElo "2360"]
[BlackElo "2215"]
[PlyCount "74"]
[EventDate "2018.10.06"]
[EventType "team"]
[EventRounds "11"]
[EventCountry "AUT"]
[WhiteTeam "Blackburne Nickelsdorf"]
[BlackTeam "mpimmo Wien - SK Ottakring"]

1. e4 e5 2. Nf3 Nc6 3. Bb5 Nf6 4. O-O Nxe4 5. Re1 Nd6 6. Nxe5 Be7 7. Bf1 Nxe5
8. Rxe5 O-O 9. d4 Bf6 10. Re1 Nf5 11. c3 d5 12. Bf4 c6 13. Nd2 Nh4 14. Nb3 Bg5
15. Bg3 Ng6 16. Nc5 Bf4 17. Qf3 Bxg3 18. hxg3 b6 19. Nd3 Be6 20. Qh5 Qd7 21. f3
Rae8 22. Kf2 c5 23. dxc5 d4 24. Kg1 dxc3 25. bxc3 Bc4 26. Rad1 Rxe1 27. Rxe1
Bxd3 28. Rd1 Qf5 29. Qxf5 Bxf5 30. g4 Be6 31. cxb6 axb6 32. Rb1 Bxa2 33. Rxb6
Rc8 34. Rb2 Be6 35. Rc2 Ne5 36. Re2 Nc4 37. Kf2 g5  0-1

[Event "2. Bundesliga Ost 2018/2019"]
[Site "alle Wien"]
[Date "2019.03.09"]
[Round "8"]
[Board "4"]
[White "Bauer, Thomas"]
[Black "Lendwai, Reinhard"]
[Result "0-1"]
[WhiteElo "2244"]
[BlackElo "2383"]
[PlyCount "90"]
[EventDate "2018.10.06"]
[EventType "team"]
[EventRounds "11"]
[EventCountry "AUT"]
[WhiteTeam "mpimmo Wien - SK Ottakring"]
[BlackTeam "Blackburne Nickelsdorf"]

1. e4 c6 2. Nc3 d5 3. Qe2 d4 4. Nd1 e5 5. g3 Bd6 6. d3 Ne7 7. h4 O-O 8. Nh3 f5
9. Bd2 Na6 10. Bg2 fxe4 11. dxe4 Kh8 12. O-O Nc5 13. Kh2 Ng8 14. f3 b6 15. Qe1
Ba6 16. Rg1 Qe7 17. Bg5 Nf6 18. Bf1 Bxf1 19. Rxf1 h6 20. Bd2 Rf7 21. Qe2 Qe6
22. Ndf2 Raf8 23. Kg2 Kg8 24. a3 Nfd7 25. b4 Na4 26. Nd1 b5 27. Ng1 a6 28. Nf2
c5 29. Ng4 c4 30. Rae1 Qg6 31. Nh3 Nb2 32. h5 Qe6 33. f4 exf4 34. gxf4 d3 35.
cxd3 Nxd3 36. f5 Nxe1+ 37. Rxe1 Qe8 38. e5 Nxe5 39. Nxe5 Re7 40. Bf4 Rxf5 41.
Qg4 Rfxe5 42. Bxe5 Rxe5 43. Rxe5 Qxe5 44. Qd7 Qd5+ 45. Kf1 Qf7+  0-1

[Event "2. Bundesliga Ost 2018/2019"]
[Site "alle Wien"]
[Date "2019.03.09"]
[Round "8"]
[Board "5"]
[White "Vlcek, Stanislav"]
[Black "Peyrer, Konstantin"]
[Result "1-0"]
[WhiteElo "2284"]
[BlackElo "2149"]
[PlyCount "91"]
[EventDate "2018.10.06"]
[EventType "team"]
[EventRounds "11"]
[EventCountry "AUT"]
[WhiteTeam "Blackburne Nickelsdorf"]
[BlackTeam "mpimmo Wien - SK Ottakring"]

1. e4 c5 2. Nf3 d6 3. d4 cxd4 4. Nxd4 Nf6 5. Nc3 a6 6. f4 e5 7. Nf3 Nbd7 8. a4
b6 9. Bd3 Bb7 10. O-O Qc7 11. Qe1 Be7 12. Nh4 d5 13. Nf5 Bc5+ 14. Kh1 g6 15.
Ng7+ Kf8 16. fxe5 Nxe5 17. Bh6 Kg8 18. Rxf6 Ng4 19. Qh4 Nxh6 20. Qxh6 Bf8 21.
Nxd5 Bxd5 22. exd5 Bxg7 23. Qf4 Qxf4 24. Rxf4 Bxb2 25. Raf1 f6 26. Rb4 Bc3 27.
Rxb6 Kg7 28. Bxa6 Rad8 29. d6 Rhe8 30. Bb5 Re6 31. Rb7+ Kf8 32. d7 Ke7 33. Rc7
Ba5 34. Rc8 Re5 35. c4 Bb6 36. Rc1 Bc5 37. a5 f5 38. a6 f4 39. h3 g5 40. Ra1
Ba7 41. Rc7 Bd4 42. Rd1 Bf2 43. a7 h5 44. Bc6 Bb6 45. Rb7 Bf2 46. a8=Q  1-0

[Event "2. Bundesliga Ost 2018/2019"]
[Site "alle Wien"]
[Date "2019.03.09"]
[Round "8"]
[Board "6"]
[White "Atzl, Florian"]
[Black "Kuntner, Reinhard"]
[Result "1-0"]
[WhiteElo "2145"]
[BlackElo "2024"]
[PlyCount "71"]
[EventDate "2018.10.06"]
[EventType "team"]
[EventRounds "11"]
[EventCountry "AUT"]
[WhiteTeam "mpimmo Wien - SK Ottakring"]
[BlackTeam "Blackburne Nickelsdorf"]

1. e4 Nf6 2. Nc3 d6 3. d4 g6 4. Be2 Bg7 5. h4 h5 6. Bg5 c6 7. Qd2 Qc7 8. Nh3
Nbd7 9. f3 b5 10. Nf2 Bb7 11. Ncd1 e5 12. c3 a6 13. Ne3 Nh7 14. Nc2 Nxg5 15.
hxg5 exd4 16. cxd4 c5 17. Rd1 O-O-O 18. b4 c4 19. Nh3 f5 20. exf5 gxf5 21. Nf4
Rde8 22. Ne3 d5 23. Nxf5 Bf8 24. Nxh5 c3 25. Qc2 Bxb4 26. Kf2 Qb6 27. Nhg7 Rxh1
28. Rxh1 Rg8 29. a3 Bf8 30. Qxc3+ Kb8 31. Rh6 b4 32. Qe3 Qc7 33. Ne6 Qc8 34.
Nxf8 Qxf8 35. Nd6 bxa3 36. Qb3  1-0

[Event "2. Bundesliga Ost 2018/2019"]
[Site "alle Wien"]
[Date "2019.03.09"]
[Round "8"]
[Board "1"]
[White "Hupfer, Robert"]
[Black "Mikes, Jan"]
[Result "0-1"]
[WhiteElo "2136"]
[BlackElo "2307"]
[PlyCount "66"]
[EventDate "2018.10.06"]
[EventType "team"]
[EventRounds "11"]
[EventCountry "AUT"]
[WhiteTeam "DeLaVie Oberwart - www.trink-vitamine.at"]
[BlackTeam "SG Mistelbach/Altlichtenwarth"]

1. d4 Nf6 2. c4 g6 3. Nc3 Bg7 4. e4 d6 5. f3 O-O 6. Be3 c5 7. Nge2 Nc6 8. d5
Ne5 9. Ng3 h5 10. Be2 h4 11. Nf1 e6 12. h3 exd5 13. cxd5 b5 14. f4 Ned7 15. Nd2
b4 16. Na4 Re8 17. O-O Nxe4 18. Nxe4 Rxe4 19. Bd2 Nf6 20. Bd3 Bf5 21. Qc2 Qd7
22. b3 Rae8 23. Rae1 Rxe1 24. Bxe1 Nxd5 25. Bxf5 gxf5 26. Qd2 Bd4+ 27. Kh1 Qb5
28. Rf3 Re2 29. Qd1 Ne3 30. Rxe3 Rxe3 31. Bxh4 Qe2 32. Qb1 Rd3 33. Kh2 Rd2  0-1

[Event "2. Bundesliga Ost 2018/2019"]
[Site "alle Wien"]
[Date "2019.03.09"]
[Round "8"]
[Board "2"]
[White "Hofmann, Thomas"]
[Black "Benkoe, Markus"]
[Result "0-1"]
[WhiteElo "2262"]
[BlackElo "2000"]
[PlyCount "86"]
[EventDate "2018.10.06"]
[EventType "team"]
[EventRounds "11"]
[EventCountry "AUT"]
[WhiteTeam "SG Mistelbach/Altlichtenwarth"]
[BlackTeam "DeLaVie Oberwart - www.trink-vitamine.at"]

1. d4 d6 2. c4 Nf6 3. Nc3 g6 4. e4 Bg7 5. Be2 O-O 6. Be3 e5 7. d5 a5 8. g4 Na6
9. g5 Ne8 10. h4 f5 11. gxf6 Nxf6 12. h5 Nc5 13. hxg6 Ncxe4 14. gxh7+ Kh8 15.
Nxe4 Nxe4 16. Nf3 Qf6 17. Rh2 Bf5 18. Nh4 Nc5 19. Nxf5 Qxf5 20. Qd2 a4 21.
O-O-O a3 22. b3 e4 23. Qc2 Qe5 24. Rg2 Rf7 25. Rdg1 Nd3+ 26. Kd2 Nb4 27. Qb1
Qc3+ 28. Kd1 Nd3 29. Bxd3 exd3 30. Qc1 Qb2 31. f4 Qf6 32. Kd2 Re8 33. Kxd3 Qf5+
34. Kd2 Rxe3 35. Kxe3 Qxf4+ 36. Kd3 Qf5+ 37. Ke2 Qf3+ 38. Kd2 Bh6+ 39. Rg5 Qf4+
40. Kc2 Qxc1+ 41. Kxc1 Rf5 42. Re1 Bxg5+ 43. Kc2 Rf2+  0-1

[Event "2. Bundesliga Ost 2018/2019"]
[Site "alle Wien"]
[Date "2019.03.09"]
[Round "8"]
[Board "3"]
[White "Ziegner, Markus"]
[Black "Vrana, Frantisek"]
[Result "0-1"]
[WhiteElo "2121"]
[BlackElo "2252"]
[PlyCount "114"]
[EventDate "2018.10.06"]
[EventType "team"]
[EventRounds "11"]
[EventCountry "AUT"]
[WhiteTeam "DeLaVie Oberwart - www.trink-vitamine.at"]
[BlackTeam "SG Mistelbach/Altlichtenwarth"]

1. e4 e6 2. d3 d5 3. Nd2 c5 4. Ngf3 Nc6 5. g3 Nf6 6. Bg2 Be7 7. O-O O-O 8. Re1
b5 9. h4 a5 10. e5 Nd7 11. Nf1 b4 12. N1h2 a4 13. Bf4 a3 14. b3 Na7 15. Ng5 Qe8
16. Bh3 Bd8 17. Ngf3 Nb5 18. h5 Ra6 19. h6 g6 20. Bg5 Bxg5 21. Nxg5 Qe7 22.
Ngf3 Rd8 23. Qd2 Nc3 24. Ng4 Rf8 25. Bg2 Bb7 26. Ng5 Rb6 27. f4 Re8 28. Nf3 Qf8
29. Nfh2 Rd8 30. Qf2 Rc6 31. Bf3 Rc7 32. Kg2 Nb5 33. Kg1 Nd4 34. Bg2 Nf5 35.
Bf3 Nxh6 36. Nxh6+ Qxh6 37. Kg2 Rf8 38. Re2 Qg7 39. Rh1 Re8 40. Rhe1 Ba6 41.
Re3 Rec8 42. g4 h6 43. f5 gxf5 44. Kh1 f4 45. R3e2 c4 46. Qd4 cxd3 47. cxd3 Rc3
48. Qxb4 Bxd3 49. Rg2 Nxe5 50. Qxf4 f6 51. Kg1 Qg5 52. Qb4 Rc1 53. Bd1 Be4 54.
Qe7 Bxg2 55. Qxe6+ Nf7 56. Kxg2 Qd2+ 57. Kg1 R8c2  0-1

[Event "2. Bundesliga Ost 2018/2019"]
[Site "alle Wien"]
[Date "2019.03.09"]
[Round "8"]
[Board "4"]
[White "Hajek, Oskar"]
[Black "Prochaska, Juergen"]
[Result "1-0"]
[WhiteElo "2147"]
[BlackElo "1882"]
[PlyCount "91"]
[EventDate "2018.10.06"]
[EventType "team"]
[EventRounds "11"]
[EventCountry "AUT"]
[WhiteTeam "SG Mistelbach/Altlichtenwarth"]
[BlackTeam "DeLaVie Oberwart - www.trink-vitamine.at"]

1. e4 c5 2. Nf3 d6 3. c3 Nf6 4. h3 Nc6 5. Bd3 e5 6. Bc2 g6 7. O-O Bg7 8. d4 O-O
9. Be3 b6 10. Na3 Bb7 11. Re1 cxd4 12. cxd4 Nb4 13. d5 Nxc2 14. Qxc2 Qd7 15.
Rac1 Rfc8 16. Qd3 Rxc1 17. Rxc1 Rc8 18. Rxc8+ Qxc8 19. Nb5 Ba6 20. Nxd6 Bxd3
21. Nxc8 Bxe4 22. d6 Bb7 23. Ne7+ Kf8 24. Nxe5 Nd5 25. N7c6 Bxc6 26. Nxc6 Ke8
27. Nxa7 Nxe3 28. fxe3 Bxb2 29. Nc8 b5 30. Nb6 Be5 31. d7+ Kd8 32. Kf2 Bc7 33.
Nd5 h5 34. Nc3 b4 35. Nd5 Bd6 36. Ke2 Kxd7 37. Kd3 f5 38. Kc4 Ke6 39. Nxb4 Ke5
40. a4 Ke4 41. a5 Bc7 42. a6 Bb6 43. Nd5 Ba7 44. h4 Ke5 45. Ne7 Bxe3 46. Nc8
 1-0

[Event "2. Bundesliga Ost 2018/2019"]
[Site "alle Wien"]
[Date "2019.03.09"]
[Round "8"]
[Board "5"]
[White "Hupfer, Georg"]
[Black "Pribitzer, Stefan"]
[Result "0-1"]
[WhiteElo "1774"]
[BlackElo "2024"]
[PlyCount "60"]
[EventDate "2018.10.06"]
[EventType "team"]
[EventRounds "11"]
[EventCountry "AUT"]
[WhiteTeam "DeLaVie Oberwart - www.trink-vitamine.at"]
[BlackTeam "SG Mistelbach/Altlichtenwarth"]

1. c4 e5 2. Nc3 Nf6 3. Nf3 Nc6 4. e4 Bc5 5. Be2 d6 6. d3 h6 7. O-O O-O 8. Nd2
a6 9. Nb3 Ba7 10. Kh1 Nd4 11. f4 Nxe2 12. Qxe2 Ng4 13. f5 Nxh2 14. g3 Nxf1 15.
Qxf1 c6 16. Qh3 Qf6 17. Kg2 Bd4 18. Ne2 g5 19. g4 Kh7 20. Ng3 Rh8 21. Nh5 Qd8
22. Ng3 f6 23. Bd2 Bxb2 24. Rh1 Kg7 25. Nh5+ Kf7 26. Ng3 a5 27. Qh5+ Ke7 28.
Qg6 Qf8 29. Bxa5 Bd7 30. Bb4 Be8  0-1

[Event "2. Bundesliga Ost 2018/2019"]
[Site "alle Wien"]
[Date "2019.03.09"]
[Round "8"]
[Board "6"]
[White "Englisch, Tobias"]
[Black "Koller, David"]
[Result "1-0"]
[WhiteElo "1435"]
[BlackElo "1584"]
[PlyCount "45"]
[EventDate "2018.10.06"]
[EventType "team"]
[EventRounds "11"]
[EventCountry "AUT"]
[WhiteTeam "SG Mistelbach/Altlichtenwarth"]
[BlackTeam "DeLaVie Oberwart - www.trink-vitamine.at"]

1. e4 d5 2. exd5 Qxd5 3. Nc3 Qa5 4. Bc4 Nf6 5. d3 c6 6. Bd2 Bf5 7. Qe2 e6 8.
Nf3 Be7 9. O-O Nbd7 10. Rfe1 Qd8 11. Nd4 Nc5 12. Nxf5 exf5 13. Bg5 Qd6 14. Qe5
Rd8 15. Bxf6 gxf6 16. Qxf5 h5 17. Re3 Rd7 18. Rae1 Kf8 19. b4 Na6 20. Ne4 Qc7
21. Nxf6 Bxf6 22. Qxf6 Rd6 23. Re8#  1-0

[Event "2. Bundesliga Ost 2018/2019"]
[Site "alle Wien"]
[Date "2019.03.09"]
[Round "8"]
[Board "1"]
[White "Rubil, Marko"]
[Black "Jovanovic, Dusan"]
[Result "0-1"]
[WhiteElo "2207"]
[BlackElo "2401"]
[PlyCount "104"]
[EventDate "2018.10.06"]
[EventType "team"]
[EventRounds "11"]
[EventCountry "AUT"]
[WhiteTeam "SK Advisory Invest Baden"]
[BlackTeam "SK Sparkasse Bad Voeslau"]

1. e4 e6 2. d4 d5 3. e5 b6 4. Nf3 Qd7 5. Bd3 Ba6 6. O-O Ne7 7. Re1 c5 8. c3
Bxd3 9. Qxd3 Nbc6 10. Bf4 Rc8 11. a3 c4 12. Qc2 Ng6 13. Bg3 Nce7 14. h3 Nf5 15.
Bh2 h5 16. Nbd2 Be7 17. Nf1 h4 18. Ne3 Nxe3 19. fxe3 O-O 20. e4 Rc6 21. Rf1 b5
22. Rae1 a5 23. Qd2 b4 24. axb4 axb4 25. Bf4 Ra6 26. Qc1 Rfa8 27. Bg5 bxc3 28.
bxc3 Ra2 29. Bxe7 Qxe7 30. exd5 exd5 31. Ng5 Rf8 32. e6 fxe6 33. Qb1 Rxg2+ 34.
Kxg2 Qxg5+ 35. Kh1 Rxf1+ 36. Rxf1 Qg3 37. Qb2 Qxh3+ 38. Kg1 Qe3+ 39. Kh1 Kh7
40. Qc2 Kh6 41. Qg2 Nf4 42. Qg4 Qe4+ 43. Rf3 g5 44. Kh2 Kg6 45. Rf2 Nd3 46.
Qxe4+ dxe4 47. Ra2 Kf5 48. Kg2 g4 49. Kf1 e3 50. Ra6 h3 51. Ke2 h2 52. Ra1 Ke4
 0-1